Stredohorská roveň v Západných Karpatoch ako tektoplén: náčrt pracovnej hypotézy

Bibliographic Details
Main Author: Minár, Jozef, 1962- (Author)
Format: Article
Language:Slovak
PhysicalDescription:Obr.
ISSN:0016-7193
Subjects:

MARC

LEADER 00000nab a2200000 a 4500
001 vtls000851214
003 SK-MaSNL
005 20260304131500.0
008 250429c2003 xo 0 slo
015 |a SNBRB2003/11-31024 
035 |a CLN000202869 
035 |a urn:nbn:sk:snk-ab23pi 
035 |a (urnnbn)urn:nbn:sk:snk:ar-a01iei 
035 |a (uuid)3e5d103b-901f-4b89-8062-7e6811613c39 
040 |a SNKBUCL  |b slo  |c SNKBUCL  |e AACR2 
041 0 |a slo 
044 |a xo  |c SK 
080 |a 551.4.032(234.372.3)  |2 1997 
080 |a 551.4.032(292.451)  |2 1997 
080 |a 911.2(234.372.3):551  |2 1997 
100 1 |a Minár, Jozef,  |d 1962-  |4 aut  |9 255000 
245 1 0 |a Stredohorská roveň v Západných Karpatoch ako tektoplén: náčrt pracovnej hypotézy  |c Jozef Minár 
300 |b Obr. 
504 |a Res. angl. 
504 |a Bibliogr. odkazy 
650 0 7 |a roveň stredohorská  |x tektoplén  |z Západné Karpaty  |x hypotézy verifikačné  |x hypotézy falzifikačné  |2 snkbucl  |9 1444783 
650 0 7 |a tektoplén  |2 snkbucl  |9 1444784 
650 0 7 |a chronológia denudačná  |2 snkbucl  |9 1444785 
651 7 |a Západné Karpaty (pohorie)  |2 SNKPHgeo  |9 175174 
655 7 |a články z novín a časopisov  |2 snkbucl  |9 267496 
773 0 |t Geografický časopis  |g Roč. 55, č. 2 (2003), s. 141-158  |x 0016-7193 
850 |a Slovenská národná knižnica 
852 |a Slovenská národná knižnica 
954 |a odborná, vedecká literatúra pôvodná (slovenská)  |2 lita 
958 |a article27 
958 |a NB 
958 |a OND 
958 |a EUIPO 
992 |a RBX 
999 |c 2896949  |d 2898879